01171nas a2200301 4500001001300000003000900013005001700022007000300039008003400042040005400076041000900130072000800139100001900147100002300166100002800189100001800217100002000235100001600255245011700271650001700388650002900405773013300434856007200567909004000639942001800679999001900697952015300716BR2019001201BR-BrBNA20231205131717.0ta230509b bl.|||p| |||| 00| 00por d aBR-BrBNAbporcBiblioteca Nacional de Agricultura a(En) aP401 aDorneles, V.R.1 aDamé, R. de C.F.1 aTeixeira-Gandra, C.F.A.1 aMéllo, L.B.1 aRamirez, M.A.A.1 aManke, E.B.1 aIntensity-duration-frequency relationships of rainfall through the technique of disaggregation of daily rainfall aMETEOROLOGIA aPRECIPITAÇÃO PLUVIAL0 tRevista Brasileira de Engenharia Agrícola e Ambiental (Brazil)xISSN 1807-1929 g(Jul 2019), v. 23(7) p. 506-510wBR201900120140uhttp://www.scielo.br/pdf/rbeaa/v23n7/1415-4366-rbeaa-23-07-0506.pdf a202311bLúciac55dLúcia Elande 2AGRISn0cANA c256261d256261 002AGRIS4071a41918b41918cPeriódicos Agrícolash(Jul 2019), v. 23(7) p. 506-510l0r2023-11-29t01yCRePortaria Interministerial nº 164/94